| 000 | 01167nam a2200325 a 4500 | ||
|---|---|---|---|
| 999 |
_c389511 _d389511 |
||
| 003 | BLK | ||
| 005 | 20250707161900.0 | ||
| 008 | 200930b bu |||||r|||| 00| | bu d | ||
| 020 | _a9789542831457 | ||
| 040 | _aBLK | ||
| 041 |
_aBUL _cBUL |
||
| 080 |
_aПсихология _b159.9 _z159.9 |
||
| 100 |
_9273272 _aГрийн, Робърт _eпърви автор |
||
| 139 |
_aГрийн, Робърт _bГ 81 |
||
| 245 |
_aЗаконите на човешката природа _cРобърт Грийн ; прев. от англ. Марин Загорчев |
||
| 257 | _aUSA | ||
| 260 |
_9217021 _aСофия _bСиела Норма _c2020 |
||
| 300 |
_a832 с. _c22 см |
||
| 380 | _a1 | ||
| 500 | _aОриг. загл. The Laws of human nature / Robert Green | ||
| 504 | _aБиблиогр. 825-831 с. | ||
| 653 | 7 |
_9186284 _aемоции |
|
| 653 | 7 |
_9199778 _aхарактер |
|
| 653 | 7 |
_9196049 _aсамоусъвършенстване |
|
| 700 |
_aЗагорчев, Марин Иванов _d1972- _9368351 |
||
| 942 |
_cKNG _n0 _s1 _026 |
||
| 944 |
_aCR _c2020-09-30 _k30552 _lВиолета Тройчева |
||
| 999 | _d389511 | ||
| 999 | _d389511 | ||